Statistics for Bairros de São Paulo

Click here to take the quiz!

General Stats

  • This quiz has been taken 446 times
  • The average score is 31 of 96

Answer Stats

Resposta% Correct
Morumbi
77%
Pinheiros
73%
73%
Itaquera
72%
Vila Maria
71%
Mooca
68%
Barra Funda
67%
Brás
67%
Tatuapé
63%
Liberdade
62%
Lapa
61%
Vila Mariana
60%
Santana
58%
Capão Redondo
54%
Itaim Bibi
54%
Butantã
52%
Consolação
49%
Ipiranga
49%
Moema
48%
Tucuruvi
48%
Perdizes
46%
Santo Amaro
46%
Jabaquara
44%
Bela Vista
42%
Vila Matilde
42%
Itaim Paulista
41%
Penha
41%
Saúde
41%
República
40%
Santa Cecília
38%
Vila Prudente
38%
Freguesia do Ó
37%
São Mateus
37%
Grajaú
35%
Casa Verde
34%
Jardim Paulista
34%
Parelheiros
34%
Pirituba
34%
Campo Limpo
33%
Carrão
33%
Bom Retiro
32%
Cidade Tiradentes
32%
Campo Belo
31%
Vila Sônia
31%
Belém
30%
Limão
30%
São Miguel
30%
Vila Guilherme
30%
Brasilândia
29%
Jaguaré
29%
Perus
29%
Vila Leopoldina
29%
Artur Alvim
28%
Sacomã
28%
Guaianazes
26%
Marsilac
26%
Pari
26%
Aricanduva
25%
Sapopemba
25%
Jaraguá
24%
Vila Formosa
24%
Jaçanã
23%
Jardim Ângela
23%
Tremembé
23%
Alto de Pinheiros
22%
Cambuci
21%
Ermelino Matarazzo
19%
Rio Pequeno
19%
Cachoeirinha
17%
Cidade Ademar
17%
Cidade Dutra
16%
Socorro
16%
Água Rasa
15%
Cidade Líder
15%
Jaguara
15%
São Lucas
15%
Anhanguera
14%
Mandaqui
13%
Vila Medeiros
13%
Cursino
12%
Iguatemi
12%
Campo Grande
11%
Jardim São Luís
11%
Parque do Carmo
11%
Raposo Tavares
11%
São Rafael
11%
Vila Andrade
11%
Pedreira
10%
José Bonifácio
9%
Ponte Rasa
9%
Vila Jacuí
9%
Lajeado
8%
São Domingos
8%
Vila Curuçá
8%
Jardim Helena
7%
Cagaíba
2%

Score Distribution

Percentile by Number Answered

Percent of People with Each Score

Your Score History

You have not taken this quiz